000 00321nam a22001337a 4500
020 _a9788131705339
082 _a621.815
_bNOR/MA
100 _aNorton, Robert L
245 _aMachine design: an integrated approach
250 _a2nd ed
260 _aNew Delhi
_bPearson education
_c2012
300 _a1078 p
942 _cBK
999 _c13790
_d13790